000 02296cam a22004332 4500
001 0000025270
005 20151217161205.0
008 150420s xx 000 0 eng d
020 _a9350281929 :
040 _aKABU
_cKABU
100 1 _aMalik, Surendra.
_@0000185738
245 1 0 _aComplete digest of supreme court cases (since 1950 to date) /
_cby Surendra Malik and Sudeep Malik.
260 _aLucknow :
_bEastern Book Company,
_c2011-13.
300 _a835 p.
650 0 _aLaw reports, digests, etc.
_zIndia.
_@0000185796
700 1 _aMalik, Sudeep.
_@0000185788
852 1 _9p9850 KES
852 1 _9p9850 KES
852 1 _9p9850 KES
852 1 _9p9850 KES
852 1 _9p9850 KES
852 1 _9p9850 KES
852 1 _9p9850 KES
852 1 _9p9850 KES
852 1 _9p9850 KES
852 1 _9p9850 KES
852 1 _9p9850 KES
852 1 _9p9850 KES
852 1 _9p9850 KES
852 1 _9p9850 KES
852 1 _9p9850 KES
852 1 _9p9850 KES
852 1 _9p9850 KES
852 1 _9p9850 KES
852 1 _9p9850 KES
852 1 _9p9850 KES
908 _a150420
950 _@1
999 _c15313
_d15313